| 000 | 00000nam##2200000za#4500 |
| 001 | 9.687298 |
| 003 | CaOODSP |
| 005 | 20210624230920 |
| 007 | cr ||||||||||| |
| 008 | 150407|2004||||xxc|||||o f|0| 0 eng|d |
| 020 | |a0-662-39295-7 |
| 040 | |aCaOODSP|beng |
| 043 | |an-cn--- |
| 086 | 1 |aSD34-4/2005E-PDF |
| 110 | 1 |aCanada. |bSocial Development Canada. |
| 245 | 10|aNational software distribution / release management audit : |h[electronic resource]|bfinal audit report / |c[by] Audit and Evaluation Directorate, Policy and Strategic Direction. |
| 260 | |aOttawa - Ontario : |bSocial Development Canada |cMarch 2004. |
| 300 | |a33p.|bfig., tables |
| 590 | |a13-16-Supp|b2013-07-12 |
| 775 | 08|tVérification de la gestion nationale de la distribution et de la diffusion des logiciels : |w(CaOODSP)9.631753 |
| 856 | 40|ahttp://publications.gc.ca|qPDF|s602 KB|uhttps://publications.gc.ca/collections/collection_2013/rhdcc-hrsdc/SD34-4-2005-eng.pdf |
| 986 | |aSDC-A-002-03-04E |